Under the Pendulum Sun : a novel of the fae / ... Read More
Available copies
- 1 of 1 copy available at LARL/NWRL Consortium.
Current holds
0 current holds with 1 total copy.
Show All Copies
| Location | Call Number / Copy Notes | Barcode | Shelving Location | Status | Due Date |
|---|---|---|---|---|---|
| Hallock Public Library | NG (Text) | 35500005962376 | Main | Available | - |
Record details
- ISBN: 9780857667274
- ISBN: 0857667270
- Physical Description: 411 pages ; 20 cm
- Publisher: Nottingham, UK : Angry Robot, 2017
Content descriptions
| Summary, etc.: | Catherine Helstone's brother, Laon, has ... Read More |
Search for related items by subject
| Subject: | Fairies > Fiction. Castles > Fiction. Theology > Fiction. Fantasy fiction. |
| Genre: | Fantasy fiction. Fantasy fiction. |
| LDR | 01374cam a2200337Mi 4500 | ||
|---|---|---|---|
| 001 | 268501 | ||
| 003 | LARL_NWRL_CONSORTIUM | ||
| 005 | 20171016165914.0 | ||
| 008 | 171003s2017 enk 000 1 eng d | ||
| 040 | . | ‡aPCX ‡beng ‡erda ‡cPCX ‡dNBO ‡dOCJ ‡dNRG | |
| 020 | . | ‡a9780857667274 ‡qpbk | |
| 020 | . | ‡a0857667270 | |
| 035 | . | ‡a(OCoLC)1005674956 | |
| 082 | 0 | 4. | ‡a823/.92 ‡223 |
| 049 | . | ‡aNRGA | |
| 100 | 1 | . | ‡aNg, Jeannette, ‡eauthor. ‡0(LARL_NWRL_CONSORTIUM)226371 |
| 245 | 1 | 0. | ‡aUnder the Pendulum Sun : ‡ba novel of the fae / ‡cJeannette Ng. |
| 264 | 1. | ‡aNottingham, UK : ‡bAngry Robot, ‡c2017 | |
| 300 | . | ‡a411 pages ; ‡c20 cm | |
| 336 | . | ‡atext ‡2rdacontent | |
| 337 | . | ‡aunmediated ‡2rdamedia | |
| 338 | . | ‡avolume ‡2rdacarrier | |
| 520 | . | ‡aCatherine Helstone's brother, Laon, has disappeared in Arcadia, legendary land of the magical fae. Desperate for news of him, she makes the perilous journey, but once there, she finds herself alone and isolated in the sinister house of Gethsemane. At last there comes news: her beloved brother is riding to be reunited with her soon - but the Queen of the Fae and her insane court are hard on his heels. - from Goodreads.com | |
| 650 | 0. | ‡aFairies ‡vFiction. ‡0(LARL_NWRL_CONSORTIUM)164910 | |
| 650 | 0. | ‡aCastles ‡vFiction. ‡0(LARL_NWRL_CONSORTIUM)164520 | |
| 650 | 0. | ‡aTheology ‡vFiction. | |
| 650 | 0. | ‡aFantasy fiction. ‡0(LARL_NWRL_CONSORTIUM)19968 | |
| 655 | 7. | ‡aFantasy fiction. ‡2gsafd | |
| 655 | 7. | ‡aFantasy fiction. ‡2lcgft | |
| 905 | . | ‡ubacont | |
| 901 | . | ‡a268501 ‡b ‡c268501 ‡tbiblio ‡soclc | |

Add to basket
Permalink
Disable Highlighting